[Event "Werner-Ott-Open Kreuzberger Sommer 2016"]
[Site "Berlin"]
[Date "2016.07.23"]
[Round "8.1"]
[White "Johansson, Gunnar"]
[Black "Kalinitschew, Sergey"]
[Result "1/2-1/2"]
[WhiteElo "2205"]
[BlackElo "2337"]
[PlyCount "106"]
[EventDate "2016.??.??"]
[WhiteTeam "Solna Schacksällskap"]
[BlackTeam "SC Kreuzberg"]

1. d4 Nf6 2. c4 e6 3. Nc3 d5 4. Nf3 Bb4 5. Bg5 h6 6. Bxf6 Qxf6 7. e3 O-O 8. Rc1
c5 9. cxd5 exd5 10. dxc5 Be6 11. a3 Bxc5 12. Nxd5 Bxd5 13. Qxd5 Bb6 14. Qd2 Nc6
15. Bc4 Rfd8 16. Qc2 Ba5+ 17. b4 Nxb4 18. axb4 Bxb4+ 19. Kf1 Rac8 20. Nd4 b5
21. Qb2 Bc5 22. Be2 Bxd4 23. exd4 Rxc1+ 24. Qxc1 Qxd4 25. g3 Qe4 26. f3 Qe5 27.
Kf2 Re8 28. Re1 Qd4+ 29. Kf1 b4 30. Qc4 Qb2 31. Qc6 Qe5 32. Qb5 a5 33. Qxe5
Rxe5 34. Bd3 Rxe1+ 35. Kxe1 Kf8 36. Kd2 Ke7 37. Kc2 Kd6 38. Bc4 f6 39. Kb3 Kc5
40. Ba6 Kd4 41. g4 g6 42. h4 Ke3 43. Bb7 Kf4 44. Be4 f5 45. gxf5 gxf5 46. Bb1
h5 47. Ka4 Kxf3 48. Bxf5 Kg3 49. Kxa5 Kxh4 50. Kxb4 Kg3 51. Kc3 h4 52. Kd3 h3
53. Bxh3 Kxh3 1/2-1/2

[Event "Werner-Ott-Open Kreuzberger Sommer 2016"]
[Site "Berlin"]
[Date "2016.07.23"]
[Round "8.2"]
[White "Rietze, Clemens"]
[Black "Johansson, Thomas"]
[Result "1-0"]
[WhiteElo "2330"]
[BlackElo "2222"]
[PlyCount "45"]
[EventDate "2016.??.??"]
[WhiteTeam "SC Rotation Pankow"]
[BlackTeam "Uppsala ASS"]

1. d4 Nf6 2. c4 e6 3. Nc3 Bb4 4. e3 c5 5. Nge2 d6 6. a3 Ba5 7. Rb1 Nc6 8. g3
Ne4 9. b4 Nxc3 10. Nxc3 Bb6 11. dxc5 dxc5 12. Qxd8+ Kxd8 13. Ne4 e5 14. bxc5
Bf5 15. Bd3 Ba5+ 16. Bd2 Bxd2+ 17. Kxd2 Bxe4 18. Bxe4 Kc7 19. Kc3 b6 20. Rb5 f6
21. Rhb1 Rab8 22. cxb6+ axb6 23. c5 1-0

[Event "Werner-Ott-Open Kreuzberger Sommer 2016"]
[Site "Berlin"]
[Date "2016.07.23"]
[Round "8.3"]
[White "Von Herman, Ulf"]
[Black "Niehaus, Frank"]
[Result "0-1"]
[WhiteElo "2270"]
[BlackElo "2131"]
[PlyCount "84"]
[EventDate "2016.??.??"]
[WhiteTeam "SK König Tegel"]
[BlackTeam "SK König Tegel"]

1. d4 d5 2. c4 e6 3. Nc3 f5 4. e3 c6 5. Bd3 Nf6 6. Nge2 Bd6 7. f3 O-O 8. Qc2
Na6 9. a3 dxc4 10. Bxc4 b5 11. Bd3 Nh5 12. g3 Bb7 13. O-O Kh8 14. Bd2 Qc7 15.
b4 Bxb4 16. Nxb5 cxb5 17. Qxc7 Nxc7 18. Bxb4 Rfc8 19. Kf2 a6 20. h3 Nd5 21. Bc5
Nhf6 22. e4 fxe4 23. fxe4 Nc7 24. Ke3 a5 25. g4 Nd7 26. Bd6 Ne8 27. Be7 Ba6 28.
Rab1 e5 29. dxe5 Nc7 30. Bd6 Ne6 31. Nd4 Nxd4 32. Kxd4 h6 33. e6 Nf6 34. e5 Ng8
35. Bxb5 Bxb5 36. Rxb5 Re8 37. Kd5 Ne7+ 38. Ke4 Ng6 39. Rf7 Rxe6 40. Rbb7 Rd8
41. Kf5 Rdxd6 42. exd6 Re5+ 0-1

[Event "Werner-Ott-Open Kreuzberger Sommer 2016"]
[Site "Berlin"]
[Date "2016.07.23"]
[Round "8.4"]
[White "Kutschke, Jens"]
[Black "Rosmann, Ilja"]
[Result "0-1"]
[WhiteElo "1938"]
[BlackElo "2239"]
[PlyCount "89"]
[EventDate "2016.??.??"]
[WhiteTeam "SF 1903 Berlin"]
[BlackTeam "Königsspr. SC"]

1. e4 e6 2. d4 d5 3. e5 c5 4. c3 Nc6 5. Nf3 Qb6 6. Bd3 Bd7 7. O-O cxd4 8. cxd4
Nxd4 9. Nxd4 Qxd4 10. Nc3 a6 11. Qe2 Rc8 12. Rd1 Bc5 13. Bc2 Qh4 14. Be3 Bxe3
15. Qxe3 Ne7 16. Rd4 Qh6 17. Qg3 {(=)} g6 18. Rad1 Bc6 19. Rh4 Qg7 20. f4 O-O
21. Rh3 f6 22. Qh4 fxe5 23. fxe5 Nf5 24. Bxf5 Rxf5 25. Re1 Rcf8 26. g4 Rf4 27.
Ne2 Re4 28. Nc3 Rxe1+ 29. Qxe1 d4 30. Nd1 Qd7 31. Nf2 Qd5 32. Rg3 Rf3 33. Rxf3
Qxf3 34. Qf1 Qe3 35. Qd1 Qxe5 36. Kf1 Qe3 37. a4 e5 38. Qc2 Qf3 39. h4 Qd5 40.
h5 e4 41. hxg6 hxg6 42. Nh3 Kg7 43. Qf2 e3 44. Qg3 Qc4+ 45. Kg1 0-1

[Event "Werner-Ott-Open Kreuzberger Sommer 2016"]
[Site "Berlin"]
[Date "2016.07.23"]
[Round "8.5"]
[White "Wierzbicki, Jirawat"]
[Black "Gebigke, Martin"]
[Result "1-0"]
[WhiteElo "1953"]
[BlackElo "2093"]
[PlyCount "119"]
[EventDate "2016.??.??"]
[WhiteTeam "SK König Tegel"]
[BlackTeam "SC Kreuzberg"]

1. e4 c5 2. Nf3 d6 3. Bc4 Nf6 4. d3 e6 5. Bb3 Be7 6. c3 O-O 7. O-O Nc6 8. h3 b5
9. Qe2 a5 10. a3 a4 11. Bc2 e5 12. Re1 Qc7 13. Nbd2 Nh5 14. Nf1 Nf4 15. Bxf4
exf4 16. Rac1 Ne5 17. d4 Nxf3+ 18. Qxf3 Bg5 19. e5 Rb8 20. Qh5 Bh6 21. exd6
Qxd6 22. dxc5 Qc7 23. Rcd1 f5 24. Rd5 Bb7 25. Rxf5 g6 26. Rxf8+ Bxf8 27. Qe5
Rc8 28. Bd3 Qxe5 29. Rxe5 Bc6 30. c4 Bg7 31. Re2 bxc4 32. Bxc4+ Kf8 33. b4 axb3
34. Bxb3 Bd4 35. Rc2 Bb5 36. a4 Ba6 37. c6 Ke7 38. Nd2 Bd3 39. Rc1 Bb2 40. Rc5
Ba6 41. Nc4 Bxc4 42. Rxc4 Kd6 43. Kf1 g5 44. Ke2 Rxc6 45. Rxc6+ Kxc6 46. Kd3
Bf6 47. Ke4 Bd8 48. h4 h6 49. h5 Kc5 50. Kf5 Be7 51. Kg6 g4 52. Kxh6 Bh4 53. f3
gxf3 54. gxf3 Be1 55. Kg5 Bd2 56. h6 Kd6 57. h7 Bc3 58. Kxf4 Ke7 59. a5 Kf8 60.
Ke4 1-0

[Event "Werner-Ott-Open Kreuzberger Sommer 2016"]
[Site "Berlin"]
[Date "2016.07.23"]
[Round "8.6"]
[White "Kohler, Thomas"]
[Black "Hannebauer, Torsten"]
[Result "1-0"]
[WhiteElo "2143"]
[BlackElo "2022"]
[PlyCount "65"]
[EventDate "2016.??.??"]
[WhiteTeam "SC Zitadelle Spandau"]
[BlackTeam "TSG Oberschöneweide"]

1. c4 g6 2. g3 Bg7 3. Bg2 Nf6 4. Nc3 O-O 5. e4 d6 6. Nge2 e5 7. d3 Nc6 8. O-O
a6 9. h3 b5 10. Bg5 h6 11. Be3 Be6 12. Nd5 Bxd5 13. cxd5 Ne7 14. Qd2 Kh7 15.
Rfc1 Qd7 16. d4 Ne8 17. a4 bxa4 18. Nc3 f5 19. dxe5 dxe5 20. Nxa4 Qd6 21. Nc5
f4 22. gxf4 exf4 23. Bd4 Bxd4 24. Qxd4 f3 25. Ne6 Rf7 26. Bf1 c6 27. e5 Qxd5
28. Qxd5 cxd5 29. Rxa6 Rxa6 30. Bxa6 d4 31. Nxd4 Nd5 32. Bc4 Nec7 33. Rd1 1-0

[Event "Werner-Ott-Open Kreuzberger Sommer 2016"]
[Site "Berlin"]
[Date "2016.07.23"]
[Round "8.7"]
[White "Shapiro, Yosip"]
[Black "Postler, Reinhard"]
[Result "0-1"]
[WhiteElo "1982"]
[BlackElo "2148"]
[PlyCount "122"]
[EventDate "2016.??.??"]
[WhiteTeam "SV Berolina Mitte"]
[BlackTeam "TSG Oberschöneweide"]

1. c4 c6 2. e4 d5 3. exd5 cxd5 4. d4 Nf6 5. Nc3 e6 6. Nf3 Be7 7. Bd3 dxc4 8.
Bxc4 Nc6 9. O-O O-O 10. Re1 Nb4 11. a3 Nbd5 12. Bg5 b6 13. Qd3 Bb7 14. Ba6 Bxa6
15. Qxa6 h6 16. Bh4 Qc8 17. Qd3 Qb7 18. Nxd5 Nxd5 19. Bg3 Rfd8 20. h3 Bd6 21.
Be5 Ne7 22. Qe4 Qxe4 23. Rxe4 Rac8 24. b4 Rc2 25. Ree1 Bxe5 26. dxe5 Rd3 27.
Red1 Rcc3 28. a4 a6 29. b5 axb5 30. axb5 Rxd1+ 31. Rxd1 Nd5 32. Nd4 g5 33. g3
Rc5 34. Ra1 Nc3 35. Rc1 Rc4 36. Kg2 Rxd4 37. Rxc3 Rb4 38. f4 Kg7 39. Kf3 gxf4
40. gxf4 Rxb5 41. Rc7 Kg6 42. Rb7 Rb4 43. h4 h5 44. Ke3 b5 45. Kf3 Rc4 46. Rxb5
Kf5 47. Rb7 Rxf4+ 48. Kg3 Rg4+ 49. Kh3 Kg6 50. Rb8 Kg7 51. Rb1 Kg6 52. Rf1 Re4
53. Rg1+ Kf5 54. Rg5+ Kf4 55. Rg7 Re3+ 56. Kg2 Rxe5 57. Rxf7+ Kg4 58. Rg7+ Kxh4
59. Kf3 Rf5+ 60. Ke4 Rg5 61. Rg6 Rxg6 0-1

[Event "Werner-Ott-Open Kreuzberger Sommer 2016"]
[Site "Berlin"]
[Date "2016.07.23"]
[Round "8.8"]
[White "Krefenstein, Sergej"]
[Black "Wallgren, Ulf"]
[Result "0-1"]
[WhiteElo "2105"]
[BlackElo "2095"]
[PlyCount "104"]
[EventDate "2016.??.??"]
[WhiteTeam "TuS Makkabi Berlin"]
[BlackTeam "Solna Schacksällskap"]

1. e4 c5 2. Nf3 Nc6 3. d4 cxd4 4. Nxd4 Nf6 5. Nc3 e5 6. Ndb5 h6 7. Nd6+ Bxd6 8.
Qxd6 Qe7 9. Qxe7+ Kxe7 10. Be3 d6 11. f3 Be6 12. O-O-O a6 13. Be2 Rac8 14. Rd2
Na5 15. Rhd1 Rc6 16. Nd5+ Bxd5 17. exd5 Rcc8 18. b3 b5 19. Kb2 Ra8 20. Ra1 Rhc8
21. Bb6 Nb7 22. b4 Nd7 23. Bf2 Rcb8 24. c3 f5 25. Kc2 Rc8 26. Rdd1 Nf6 27. Kb3
g5 28. g3 h5 29. Rac1 g4 30. f4 Ne4 31. Be3 Kf6 32. Bd3 Re8 33. Bxe4 fxe4 34.
Rf1 Rf8 35. Rcd1 Ke7 36. fxe5 dxe5 37. c4 bxc4+ 38. Kxc4 Nd6+ 39. Kb3 Rf3 40.
Rxf3 exf3 41. Bc5 Kd7 42. Kc2 a5 43. a3 axb4 44. Bxb4 Rc8+ 45. Kd3 e4+ 46. Kd4
Re8 47. Ke3 Nc4+ 48. Kf2 e3+ 49. Ke1 Nb2 50. Rb1 Nd3+ 51. Kf1 e2+ 52. Kg1 f2+
0-1

[Event "Werner-Ott-Open Kreuzberger Sommer 2016"]
[Site "Berlin"]
[Date "2016.07.23"]
[Round "8.9"]
[White "Ferster, Fabian"]
[Black "Richter, Götz"]
[Result "1-0"]
[WhiteElo "2096"]
[BlackElo "1930"]
[PlyCount "51"]
[EventDate "2016.??.??"]
[WhiteTeam "SK Ottenau"]
[BlackTeam "Klub Kölner SF"]

1. d4 d6 2. e4 Nf6 3. Nc3 c6 4. f3 Nbd7 5. Be3 e5 6. Qd2 Be7 7. Bd3 Qc7 8. Nge2
a6 9. a4 b6 10. O-O Bb7 11. Ng3 g6 12. Be2 O-O 13. f4 Rfe8 14. dxe5 dxe5 15. f5
b5 16. Bg5 b4 17. Nd1 a5 18. Ne3 Rf8 19. Kh1 Ba6 20. Bxa6 Rxa6 21. Bh6 Rd8 22.
fxg6 hxg6 23. Nef5 Bc5 24. Bg7 Nh7 25. Qh6 Bf8 26. Bxf8 1-0

[Event "Werner-Ott-Open Kreuzberger Sommer 2016"]
[Site "Berlin"]
[Date "2016.07.23"]
[Round "8.10"]
[White "Federau, Jürgen"]
[Black "Witte, Ronald"]
[Result "1-0"]
[WhiteElo "2026"]
[BlackElo "1928"]
[PlyCount "89"]
[EventDate "2016.??.??"]
[WhiteTeam "SC Kreuzberg"]
[BlackTeam "BSV 63 Chemie Weißensee"]

1. d4 d5 2. c4 e6 3. Nc3 c6 4. e3 Nf6 5. Nf3 Nbd7 6. Bd3 dxc4 7. Bxc4 b5 8. Bd3
a6 9. e4 c5 10. e5 cxd4 11. Nxb5 axb5 12. exf6 Qb6 13. O-O gxf6 14. Be4 Bb7 15.
Bxb7 Qxb7 16. Nxd4 Bc5 17. Be3 Rg8 18. Qf3 Qxf3 19. Nxf3 Bxe3 20. fxe3 Ke7 21.
Nd4 Rg5 22. Nc6+ Kd6 23. Nb4 Rc5 24. Rfd1+ Ke7 25. Rac1 Rac8 26. Rxc5 Rxc5 27.
Kf2 Ne5 28. Ke2 Rc4 29. Nd3 b4 30. Rc1 Rxc1 31. Nxc1 Kd6 32. Nd3 Nc6 33. e4 f5
34. exf5 exf5 35. Ke3 Kd5 36. a3 b3 37. Nf4+ Kc4 38. Nd3 f6 39. Ne1 Nd4 40. Nf3
Nc2+ 41. Ke2 Kb5 42. Kd3 Ka4 43. g3 h6 44. Nd4 Ne1+ 45. Ke2 1-0

[Event "Werner-Ott-Open Kreuzberger Sommer 2016"]
[Site "Berlin"]
[Date "2016.07.23"]
[Round "8.11"]
[White "Sulayev, Daniel"]
[Black "Bjarnehag, Peter"]
[Result "1/2-1/2"]
[WhiteElo "1813"]
[BlackElo "2111"]
[PlyCount "116"]
[EventDate "2016.??.??"]
[WhiteTeam "Schachpinguine Berlin"]
[BlackTeam "Solna Schacksällskap"]

1. e4 c5 2. Nf3 Nc6 3. d4 cxd4 4. Nxd4 Nf6 5. Nc3 e6 6. Ndb5 d6 7. Bf4 e5 8.
Bg5 a6 9. Na3 Be6 10. Nc4 Rc8 11. Ne3 Be7 12. Bc4 O-O 13. Bxf6 Bxf6 14. Ncd5
Bg5 15. O-O g6 16. c3 Na5 17. Be2 f5 18. Bf3 Kh8 19. Qd3 Bxe3 20. Nxe3 f4 21.
Nd5 Nc4 22. b3 Nb6 23. c4 Nxd5 24. cxd5 Bd7 25. Rfc1 {(=)} Qa5 26. Qe2 Rc3 27.
Qb2 Rfc8 28. a3 Qc7 29. Rxc3 Qxc3 30. Qxc3 Rxc3 31. Bd1 a5 32. Kf1 Bb5+ 33. Ke1
Kg7 34. Kd2 Rc8 35. Bf3 g5 36. Bg4 Rc7 37. h3 {(=)} Kg6 38. Bf5+ Kf6 39. Bg4 a4
40. bxa4 Bxa4 41. Rc1 Rxc1 42. Kxc1 Bb5 43. Kd2 Bf1 44. Bf3 Ke7 45. Ke1 Ba6 46.
Be2 Kd8 47. Bxa6 bxa6 48. Kd2 Kc7 49. Kc3 Kb6 50. Kb4 a5+ 51. Kc4 Ka6 52. g3
Kb6 53. g4 Ka6 54. f3 Kb6 55. a4 Ka6 56. Kb3 Kb7 57. Kc3 Kc7 58. Kb3 Kb6 {(=)}
1/2-1/2

[Event "Werner-Ott-Open Kreuzberger Sommer 2016"]
[Site "Berlin"]
[Date "2016.07.23"]
[Round "8.12"]
[White "Lindenau, Jorge"]
[Black "Roseneck, Jonas"]
[Result "0-1"]
[WhiteElo "1937"]
[BlackElo "2037"]
[PlyCount "86"]
[EventDate "2016.??.??"]
[WhiteTeam "SC Kreuzberg"]
[BlackTeam "AE Magdeburg"]

1. e4 c5 2. Nf3 Nc6 3. d4 cxd4 4. Nxd4 Nf6 5. Nc3 d6 6. Bg5 e6 7. Qd2 Be7 8.
O-O-O a6 9. f3 O-O 10. h4 Nxd4 11. Qxd4 Qa5 12. Kb1 b5 13. e5 dxe5 14. Qxe5 Bb7
15. Bd3 Rac8 16. Ne4 Bxe4 17. Bxe4 Rc5 18. Qg3 Qa4 19. Bd3 Rfc8 20. b3 Qa3 21.
Bc1 Qa5 22. Bb2 b4 23. Bd4 R5c6 24. h5 h6 25. f4 Rd8 26. Bb2 Rc5 27. Rde1 Ne8
28. f5 Bd6 29. Qh4 e5 30. g4 f6 31. Qf2 Be7 32. Rd1 Nd6 33. Qe2 Rdc8 34. Rd2
Nb5 35. Bxb5 axb5 36. Rhd1 Ra8 37. Rd7 Qxa2+ 38. Kc1 Qxb3 39. Rxe7 Ra2 40. Rd8+
Kh7 41. Ree8 Qxb2+ 42. Kd1 Qb1+ 43. Kd2 Qxc2+ 0-1

[Event "Werner-Ott-Open Kreuzberger Sommer 2016"]
[Site "Berlin"]
[Date "2016.07.23"]
[Round "8.14"]
[White "Barath, Madhan"]
[Black "Zahn, Benno"]
[Result "0-1"]
[WhiteElo "2039"]
[BlackElo "2060"]
[PlyCount "106"]
[EventDate "2016.??.??"]
[WhiteTeam "SC Zugzwang 95 (Berlin)"]
[BlackTeam "SV Hellas Nauen"]

1. e4 c5 2. Nf3 e6 3. d4 cxd4 4. Nxd4 Nc6 5. Nc3 Qc7 6. f4 a6 7. Be2 b5 8. Nxc6
dxc6 9. Bf3 Bb7 10. Be3 Rd8 11. Qe2 c5 12. O-O Nf6 13. e5 Nd5 14. Nxd5 Bxd5 15.
Bxd5 exd5 16. f5 Qxe5 17. Rae1 Kd7 18. Qf2 Bd6 19. g3 Kc6 {(=)} 20. c3 Qf6 21.
b4 Qxc3 22. bxc5 Be5 23. Rc1 Qb4 24. Rfd1 Rhe8 25. Bd4 Bxd4 26. Rxd4 Qa3 27.
Rc2 Qe3 28. a4 Re5 29. Qxe3 Rxe3 30. Kf2 Re5 31. g4 Rde8 32. h3 Re4 33. axb5+
axb5 34. Rd3 Rc4 35. Rcd2 Rxc5 36. Ra3 b4 37. Ra6+ Kb7 38. Rd6 Re7 39. Rb2 Rb5
40. f6 gxf6 41. Rxf6 b3 42. Rf3 Kc6 43. Rbxb3 Rxb3 44. Rxb3 Kc5 45. Rb8 d4 46.
Rd8 Kc4 47. Kg3 Kc3 48. Kf4 d3 49. Kf5 Kd2 50. Kf6 Rc7 51. Rd4 Kc3 52. Rd6 Kc2
53. Kg7 f5+ 0-1

[Event "Werner-Ott-Open Kreuzberger Sommer 2016"]
[Site "Berlin"]
[Date "2016.07.23"]
[Round "8.15"]
[White "Welz, Peter"]
[Black "Jaeger, Andre"]
[Result "1-0"]
[WhiteElo "2044"]
[BlackElo "1859"]
[PlyCount "67"]
[EventDate "2016.??.??"]
[WhiteTeam "SV Empor Berlin"]
[BlackTeam "SC Rochade (Berlin)"]

1. f4 d5 2. Nf3 Bg4 3. e3 Nd7 4. Be2 c6 5. d4 g6 6. O-O Bg7 7. Nbd2 Nh6 8. h3
Bxf3 9. Nxf3 f6 10. c4 e6 11. Bd2 O-O 12. Rc1 Nf5 13. Kh2 Qb8 14. c5 e5 15. g4
Nh6 16. Kg2 e4 17. Ng1 f5 18. g5 Nf7 19. h4 h5 20. Nh3 Nd8 21. b4 a6 22. a4 Ne6
23. Nf2 Qe8 24. Nh1 Qe7 25. Ng3 Rf7 26. Qb3 Nc7 27. b5 Rff8 28. bxc6 bxc6 29.
Qb7 Rfc8 30. Qxc6 Qe6 31. Qxe6+ Nxe6 32. Rb1 Nd8 33. Bd1 Rcb8 34. Bb3 1-0

[Event "Werner-Ott-Open Kreuzberger Sommer 2016"]
[Site "Berlin"]
[Date "2016.07.23"]
[Round "8.16"]
[White "Zschäbitz, Klaus"]
[Black "Matitschka, Heinz"]
[Result "1-0"]
[WhiteElo "2005"]
[BlackElo "1801"]
[PlyCount "133"]
[EventDate "2016.??.??"]
[WhiteTeam "Berliner SchGes Eckbauer"]
[BlackTeam "TSG Oberschöneweide"]

1. c4 Nf6 2. g3 e6 3. Bg2 d5 4. Nf3 Be7 5. O-O O-O 6. b3 Nbd7 7. Bb2 Ne4 8. Qc2
Bf6 9. Nc3 Nxc3 10. Bxc3 c6 11. Rac1 Qe7 12. d4 dxc4 13. bxc4 c5 14. e3 Rb8 15.
Rfd1 Rd8 16. h4 Nf8 17. Rd2 b6 18. Qa4 Qd7 19. Qa3 Qc7 20. dxc5 Rxd2 21. cxb6
Rxb6 22. Nxd2 Ra6 23. Qb2 Bxc3 24. Rxc3 Rb6 25. Qc2 e5 26. c5 Rh6 27. Qd3 Ba6
28. Qd5 Ne6 29. Qa8+ Nd8 30. Rb3 Kf8 31. Qb8 Qxb8 32. Rxb8 Ke7 33. Ra8 Nc6 34.
Bxc6 Rxc6 35. Rxa7+ Ke6 36. e4 Bd3 37. Ra5 Ra6 38. Rxa6+ Bxa6 39. f3 Kd7 40.
Kf2 Kc6 41. Nb3 Bc8 42. Ke3 Kb5 43. Kd3 Kb4 44. f4 f6 45. fxe5 fxe5 46. c6 Kb5
47. Nd2 Be6 48. a3 Kxc6 49. Nc4 Kb5 50. Nxe5 Ka4 51. Nf3 Kxa3 52. Kd4 Kb4 53.
Ng5 Bg8 54. e5 h6 55. Ne4 Kb5 56. Nd6+ Kc6 57. Nf5 Kd7 58. Nxg7 Bh7 59. Ke3 Ke7
60. Kf4 Kf7 61. Nf5 h5 62. Nd4 Kg6 63. Ke4 Bg8 64. Ne2 Bf7 65. Nf4+ Kg7 66. e6
Be8 67. Ke5 1-0

[Event "Werner-Ott-Open Kreuzberger Sommer 2016"]
[Site "Berlin"]
[Date "2016.07.23"]
[Round "8.17"]
[White "Thesing, Ansgar"]
[Black "Dathe, Frederick"]
[Result "1/2-1/2"]
[WhiteElo "1900"]
[BlackElo "1850"]
[PlyCount "86"]
[EventDate "2016.??.??"]
[WhiteTeam "SC Kreuzberg"]
[BlackTeam "SC Kreuzberg"]

1. e4 g6 2. Nc3 Bg7 3. f4 d6 4. Nf3 c5 5. Bb5+ Bd7 6. Bxd7+ Qxd7 7. O-O Nc6 8.
d3 Nf6 9. h3 O-O 10. Be3 Rab8 11. Qd2 b5 12. f5 e6 13. fxg6 fxg6 14. e5 Nd5 15.
Nxd5 exd5 16. exd6 Qxd6 17. Qf2 Nd4 18. Kh1 Nxf3 19. gxf3 {(=)} d4 20. Bd2 Qd5
21. Kg2 Rbe8 22. b3 c4 23. Rae1 c3 24. Bc1 b4 25. a4 a5 {(=)} 26. Rxe8 Rxe8 27.
Re1 Re5 28. Re4 Rh5 29. Qg3 Qd8 30. Qg4 Rf5 31. Re6 Qd5 32. Qe4 Re5 33. Qxd5
Rxd5 34. Bf4 Kf7 35. Rd6 Rf5 36. Rd7+ Kg8 37. Kg3 Be5 38. Bxe5 Rxe5 39. Kf2 Rh5
40. Rxd4 Rxh3 41. Kg2 Rh5 42. Rd7 Re5 43. Kf2 Rh5 1/2-1/2

[Event "Werner-Ott-Open Kreuzberger Sommer 2016"]
[Site "Berlin"]
[Date "2016.07.23"]
[Round "8.18"]
[White "Roho, Kevin"]
[Black "Heerde, Thomas"]
[Result "0-1"]
[WhiteElo "1842"]
[BlackElo "2022"]
[PlyCount "118"]
[EventDate "2016.??.??"]
[WhiteTeam "SC Weisse Dame (Berlin)"]
[BlackTeam "SC Weisse Dame (Berlin)"]

1. e4 d5 2. exd5 Qxd5 3. Nc3 Qa5 4. d4 Nf6 5. Nf3 Bf5 6. Bc4 e6 7. O-O Nbd7 8.
Bd2 c6 9. Nd5 Qd8 10. Nxf6+ gxf6 11. Bf4 Nb6 12. Bb3 Bd6 13. Bxd6 Qxd6 14. h3
Rg8 15. Kh1 O-O-O 16. a4 Qf4 17. Qc1 Qxc1 18. Raxc1 Be4 19. c3 Bxf3 20. gxf3
Kc7 21. Rg1 Rg6 22. Rg3 Kd6 23. Rd1 Nd5 24. Bxd5 Kxd5 25. b3 {(=)} Rdg8 26. Kg2
f5 27. Re1 h5 28. Rxg6 Rxg6+ 29. Kf1 h4 30. Rd1 Rg8 31. c4+ Kd6 32. Ke2 Rg2 33.
Kf1 Rg5 34. b4 Rg7 35. b5 Rg8 36. bxc6 Kxc6 37. d5+ Kc5 38. dxe6 fxe6 39. Rd7
Rb8 40. Rc7+ Kb4 41. c5 Kxa4 42. c6 bxc6 43. Rxa7+ Kb4 44. Rd7 Rb5 45. Rd6 c5
46. Ke2 c4 47. Rxe6 Rd5 48. Rh6 c3 49. Rxh4+ Kb3 50. Rh8 f4 51. Rb8+ Kc2 52.
Rb4 Re5+ 53. Kf1 Kd3 54. Rb3 Kd2 55. Kg2 Rg5+ 56. Kh2 c2 57. Rb2 Kd1 58. Rxc2
Kxc2 59. h4 Rg8 0-1

[Event "Werner-Ott-Open Kreuzberger Sommer 2016"]
[Site "Berlin"]
[Date "2016.07.23"]
[Round "8.19"]
[White "Scheide, Helmut"]
[Black "Lange, Cecilia"]
[Result "1/2-1/2"]
[WhiteElo "1878"]
[BlackElo "1685"]
[PlyCount "61"]
[EventDate "2016.??.??"]
[WhiteTeam "USV Potsdam"]
[BlackTeam "TSG Oberschöneweide"]

1. d4 d5 2. c4 e6 3. Nc3 Nf6 4. Nf3 Be7 5. e3 O-O 6. Bd3 b6 7. O-O dxc4 8. Bxc4
Ba6 9. Bxa6 Nxa6 10. Qa4 Nb4 11. e4 c5 12. dxc5 Bxc5 13. a3 Nd3 14. Bg5 Qb8 15.
Qc2 Ne5 16. Qe2 Be7 17. h3 h6 18. Bh4 Rd8 19. Rfd1 Nxf3+ 20. Qxf3 Qb7 21. Qe2
Nxe4 22. Qf3 Bxh4 23. Nxe4 Rxd1+ 24. Rxd1 Rb8 25. Qg4 {(=)} Be7 26. Ng3 Bf8 27.
Nh5 Qc7 28. Rd7 Qc1+ 29. Kh2 Qg5 30. Qf3 Qf5 31. Qxf5 1/2-1/2

[Event "Werner-Ott-Open Kreuzberger Sommer 2016"]
[Site "Berlin"]
[Date "2016.07.23"]
[Round "8.20"]
[White "Reiche, Henry"]
[Black "Schmidt, Fabian"]
[Result "0-1"]
[WhiteElo "1845"]
[BlackElo "1594"]
[PlyCount "214"]
[EventDate "2016.??.??"]
[WhiteTeam "SC Zugzwang 95 (Berlin)"]
[BlackTeam "Königsjäger Süd-West"]

1. e4 c5 2. Nf3 d6 3. d4 cxd4 4. Nxd4 Nf6 5. Nc3 a6 6. Be2 e6 7. O-O Be7 8. Be3
O-O 9. a4 Nc6 10. Nb3 b6 11. f3 Bb7 12. Qe1 Qc7 13. Qf2 Nd7 14. Rfd1 Nb4 15.
Rac1 d5 16. exd5 Nxd5 17. Nxd5 Bxd5 18. Nd4 Rfd8 19. c4 Bb7 20. Bd3 Rac8 21. b3
Bf6 22. Ne2 Nc5 23. Bc2 Nd7 24. Nf4 g6 25. h4 Be5 26. Ne2 Bb2 27. Rb1 Bg7 28.
h5 b5 29. hxg6 hxg6 30. axb5 axb5 31. Bg5 Nf6 32. Qh4 Rxd1+ 33. Rxd1 Nd7 34.
Kh1 Ne5 35. Qf4 bxc4 36. bxc4 Qxc4 37. Qxc4 Rxc4 38. Bb3 Rb4 39. Rd8+ Kh7 40.
Bd1 Rb1 41. Nc3 Ra1 42. Ne4 Bxe4 43. fxe4 Ng4 44. Kg1 Bf6 45. Bxf6 Nxf6 46. Kf2
Nxe4+ 47. Ke3 Nf6 48. Bf3 Kg7 49. Rb8 Ra5 50. Rb7 g5 51. Bd1 Nd5+ 52. Kf3 Rc5
53. Bb3 Kg6 54. Ba4 Rc3+ 55. Kf2 Rc7 56. Rb8 Ne7 57. Ra8 Nd5 58. Be8 Re7 59.
Ba4 Nb6 60. Bc2+ f5 61. Ra6 Nd7 62. g4 Nf6 63. gxf5+ exf5 64. Kf3 Re5 65. Rc6
Ra5 66. Ke3 Rb5 67. Kd4 g4 68. Kc4 Ra5 69. Kd4 Kg5 70. Ke3 f4+ 71. Kf2 Rd5 72.
Ke1 g3 73. Ke2 Re5+ 74. Kf1 Nd5 75. Bd3 Nb4 76. Rg6+ Kh5 77. Rd6 Nxd3 78. Rxd3
Kg4 79. Rd4 Kf3 80. Rd3+ Re3 81. Rd1 g2+ 82. Kg1 Kg3 83. Rd3 Kf3 84. Rd1 Ke2
85. Rd8 f3 86. Rf8 Re5 87. Rf7 Ke3 88. Rf8 Rf5 89. Re8+ Kd4 90. Kf2 Rf7 91. Re1
Kd5 92. Rd1+ Ke6 93. Rg1 Ke7 94. Ra1 Kf8 95. Rb1 Kg7 96. Rb4 Rf5 97. Rb1 Kh6
98. Ra1 Kh5 99. Ra8 Kg4 100. Rg8+ Rg5 101. Ra8 Kh4 102. Rh8+ Rh5 103. Rf8 Kh3
104. Kg1 Kg4 105. Rg8+ Rg5 106. Ra8 Kg3 107. Rf8 {Zug unleserlich} Re5 0-1